| 000 | 01598nam a2200277 a 4500 | ||
|---|---|---|---|
| 008 | 120416s1987 ||||||||||||||||| || u | ||
| 020 | _a0256037086 | ||
| 050 | _aHF 5429 Mas | ||
| 100 | _aMayer, Morris Lehman | ||
| 245 | 1 | 0 | _aCases and problems in contemporary retailing. (2nd ed.) |
| 250 | _a2nd ed. | ||
| 260 |
_aPlano, Tex. : _bBusiness Publications _c1987 |
||
| 300 | _axv, 359 p. : ill. | ||
| 350 | _a0.00 | ||
| 500 | _aBibliography: p. 319-325. | ||
| 650 | _aTRADE POLICY--ZIMBABWE | ||
| 650 | _aRETAIL TRADE--CASE STUDIES | ||
| 700 | _aMason, Barry J | ||
| 700 | _aEzell, Hazel F | ||
| 995 |
_aMAIN LIBRARY OPEN ACCESS _D0.00 _e004921 _FCBU-MAIN LIBRARY (Kitwe) _H3 _I81.00 _jHF 5429 Mas _M3 _UAVAILABLE _y004921 _ZMain Library Open Access Collection |
||
| 995 |
_aTEXTBOOKS (DDEOL) _D0.00 _e5034 _FCBU-SCHOOL TEXTBOOK COLLECTIONS _H1 _I0.00 _jSCHOOL TEXTBOOK _M6 _UAVAILABLE _WJul 21, 2009 _y5034 _ZMain Library Open Access Collection |
||
| 995 |
_aTEXTBOOKS (DDEOL) _D0.00 _e5019 _FCBU-SCHOOL TEXTBOOK COLLECTIONS _H1 _I0.00 _jSCHOOL TEXTBOOK _M5 _UAVAILABLE _WJul 20, 2009 _y5019 _ZMain Library Open Access Collection |
||
| 995 |
_aANNEX COLLECTION (Main Library) _D0.00 _e004918 _FCBU-MAIN LIBRARY (Kitwe) _H2 _I81.00 _jHF 5429 Mas _M1 _UAVAILABLE _y004918 _ZAnnex Low-Usage Collection |
||
| 995 |
_aANNEX COLLECTION (Main Library) _D0.00 _e004920 _FCBU-MAIN LIBRARY (Kitwe) _H4 _I81.00 _jHF 5429 Mas _M2 _UAVAILABLE _y004920 _ZAnnex Low-Usage Collection |
||
| 995 |
_aMAIN LIBRARY OPEN ACCESS _D0.00 _e725412 _FCBU-MAIN LIBRARY (Kitwe) _H1 _I81.00 _jHF 5429 Mas _M4 _UAVAILABLE _y004919 _ZMain Library Open Access Collection |
||
| 999 |
_c79183 _d79183 |
||